Para comprender la historia

Gardado en:
Detalles Bibliográficos
Autor Principal: Sánchez Jiménez, José (Author)
Formato: Libro
Idioma:Lingua castelá
Publicado: Estella Verbo Divino 2000
Edición:2a. ed
Subjects:
Tags: Engadir etiqueta
Sen Etiquetas, Sexa o primeiro en etiquetar este rexistro!

MARC

LEADER 00000nam a2200000 a 4500
001 UCI9777
003 CL-VaPUC
008 081212e20000000SP |||||||||||||||||spa|d
020 |a 8481690449 
082 0 4 |a 907.2  |b SAN  |2 21 
100 0 |a Sánchez Jiménez, José  |e author  |9 533705 
245 1 0 |a Para comprender la historia 
250 |a 2a. ed 
300 |a 300 p 
942 |c BK 
945 |d 20081212 00:00:00  |a rbrito 
260 |a Estella  |b Verbo Divino  |c 2000 
650 0 |a Historiografía   |9 257871 
650 0 |a Enseñanza de la historia   |9 307330 
650 0 |a Filosofía de la historia  |9 265651 
583 |a last modification  |c 20081212 00:00:00  |k Rodrigo Vera 
999 |c 332244  |d 332242 
952 |0 0  |1 0  |4 0  |6 907_200000000000000_SAN_2000  |7 0  |8 A  |9 419763  |a BIBTEO  |b BIBTEO  |d 2019-11-22  |i 4503376  |o 907.2 SAN 2000  |p 4503376  |r 2025-01-17  |w 2019-11-22  |y BK  |k ICR